| 000 | 01254cam a2200325 a 4500 | ||
|---|---|---|---|
| 999 |
_c4888 _d4888 |
||
| 001 | 2945633 | ||
| 003 | OSt | ||
| 005 | 20181217174137.0 | ||
| 008 | 900209m19909999ilu bd 000 0deng | ||
| 010 | _a 90070187 | ||
| 020 | _a0842381619 (v. 1) | ||
| 040 |
_aDLC _cDLC _dDLC |
||
| 050 | 0 | 0 |
_aBS417 _b.W49 1990 |
| 051 |
_aBS570 _b.W54 1990 |
||
| 082 | 0 | 0 |
_aREF 220.3 _aB _220 _bW737W |
| 100 | 1 | _aWillmington, H. L. | |
| 240 | 1 | 0 | _aComplete guide to Bible knowledge |
| 245 | 1 | 0 |
_aWillmington's complete guide to Bible knowledge / _cHarold L. Willmington. |
| 260 |
_aWheaton, Ill. : _bTyndale House Publishers, _cc1990-<1993 > |
||
| 300 |
_a<1-6 > ; 256p.; _c24 cm. |
||
| 504 | _aIncludes bibliographical references. | ||
| 505 | 1 | _av. 1. Old Testament people -- [2] New Testament people -- [3] Life of Christ -- [4] New Testament survey -- [5] Old Testament survey -- [6] Introduction to theology. | |
| 630 | 0 | 0 |
_aBible _xCriticism, interpretation, etc. |
| 630 | 0 | 0 |
_aBible _xDictionaries. |
| 630 | 0 | 0 |
_aBible _xTheology _xDictionaries. |
| 906 |
_a7 _bcbc _corignew _d2 _eopcn _f19 _gy-gencatlg |
||
| 942 |
_2ddc _cREF |
||